A history of the United States / (Record no. 51224)

MARC details
000 -LEADER
campo de control de longitud fija 00608nam a2200181 i 4500
001 - NÚMERO DE CONTROL
campo de control 51224
003 - IDENTIFICADOR DE NÚMERO DE CONTROL
campo de control ES-MaACL
005 - FECHA Y HORA DE LA ÚLTIMA TRANSACCIÓN
campo de control 20240522111751.0
007 - CAMPO FIJO DE DESCRIPCIÓN FÍSICA--INFORMACIÓN GENERAL
campo de control de longitud fija t|
008 - DATOS DE LONGITUD FIJA--INFORMACIÓN GENERAL
campo de control de longitud fija 030811s1919 xxk ||||1| eng d
100 1# - ENTRADA PRINCIPAL--NOMBRE DE PERSONA
Nombre de persona Chesterton, Cecil, Mrs.
9 (RLIN) 138457
245 12 - MENCIÓN DEL TÍTULO
Título A history of the United States /
Mención de responsabilidad, etc. by Cecil Chesterton ; with an introduction by G.K. Chesterton.
260 ## - PUBLICACIÓN, DISTRIBUCIÓN, ETC.
Lugar de publicación, distribución, etc. London :
Nombre del editor, distribuidor, etc. Chatto and Windus,
Fecha de publicación, distribución, etc. 1919 (
Fabricante William Clowes and Sons)
300 ## - DESCRIPCIÓN FÍSICA
Extensión XVII, 252 p. :
Otras características físicas 1 retr. aut. ;
Dimensiones 20 cm.
700 0# - ENTRADA AGREGADA--NOMBRE PERSONAL
Nombre de persona Chesterton, G. K.,
Fechas asociadas al nombre 1874-1936
9 (RLIN) 38399
852 ## - LOCALIZACIÓN
Ubicación ES-MaACL
Número de control de estantería B-3057
Holdings
Estatus retirado Estado de pérdida Estado de daño No para préstamo Biblioteca de origen Biblioteca actual Ubicación en estantería Fecha de adquisición Fuente de adquisición Total de préstamos Signatura topográfica completa Código de barras Visto por última vez Precio de reemplazo Tipo de ítem Koha
        Biblioteca del Ateneo de Madrid Biblioteca del Ateneo de Madrid Sala Pardo Bazán 17/01/2008     B-3057 1053876 23/02/2023 23/02/2023 Libro impreso